Vzdelávací portál vyvíjaný na ústave technológie vzdelávania UKF v Nitre

Tvorba vstupného portálu elektronického vzdelávania na UKF v Nitre. Cieľom vyvíjaného e-learningového portálu je integrácia prístupu používateľov k viacerým virtuálnym školám, ako i poskytovanie relevantných informácií a služieb pre podporu e-vzdelávania

Gespeichert in:
Bibliographische Detailangaben
1. Verfasser: Záhorec, Ján
Format: Buchkapitel
Sprache:Slowakisch
Schlagworte:
Tags: Tag hinzufügen
Keine Tags, Fügen Sie das erste Tag hinzu!

MARC

LEADER 00000naa$a2200000$$$4500
001 0068735
005 20231010124427.2
041 0 |a slo 
044 |a SK 
245 1 0 |a Vzdelávací portál vyvíjaný na ústave technológie vzdelávania UKF v Nitre  |c Ján Záhorec [et al.] 
520 |a Tvorba vstupného portálu elektronického vzdelávania na UKF v Nitre. Cieľom vyvíjaného e-learningového portálu je integrácia prístupu používateľov k viacerým virtuálnym školám, ako i poskytovanie relevantných informácií a služieb pre podporu e-vzdelávania 
610 2 0 |a vzdelávanie elektronické 
610 2 0 |a školy 
610 2 0 |a informácie 
610 2 0 |a projekty 
100 1 |a Záhorec, Ján